Нормален изглед
MARC изглед
- Нестеренко, Марина Леонидовна
Вход 01. Лично име
001 - Контролен номер на записа
- Контролно поле: 314012
003 - Код на организацията, даваща контролен номер
- Контролно поле: BLK
005 - Дата и час на последна промяна на записа
- Контролно поле: 20180420231040.0
008 - Данни с фиксирана дължина – обща информация
- Данни с фиксирана дължина : 180420|| aca||aabn | a|a d
100 ## - ИМЕ НА ЛИЦЕ -ПЪРВИЧНА ИНТЕЛЕКТУАЛНА ОТГОВОРНОСТ
- Лично име: Нестеренко, Марина Леонидовна
- Ключова дума за отношение: съавт.
942 ## - Системна служебна употреба
- Koha auth type: PERSO_NAME